[Event "Madrid ch Final"]
[Site "Madrid ESP"]
[Date "2008.03.05"]
[Round "5.3"]
[White "Alvarez Abejon, Amilcar"]
[Black "Madina Yadarola, Martin"]
[Result "0-1"]
[WhiteElo "2080"]
[BlackElo "2290"]
[PlyCount "66"]
[EventDate "2008.02.27"]
[EventType "tourn"]
[EventRounds "11"]
[EventCountry "ESP"]
[Source "lmi"]
[SourceDate "2008.02.27"]

1. e4 g6 2. d4 Bg7 3. Nf3 d6 4. Nc3 c6 5. a4 Nf6 6. h3 O-O 7. Be3 Qc7 8. Be2 e5
9. dxe5 dxe5 10. Bc4 Nh5 11. O-O Nf4 12. Bxf4 exf4 13. Re1 Nd7 14. Qd2 h6 15.
Rad1 g5 16. Qd6 Qxd6 17. Rxd6 Ne5 18. Nxe5 Bxe5 19. Rd3 Kg7 20. b3 h5 21. Ne2
g4 22. hxg4 hxg4 23. Nd4 Kf6 24. Nf5 Be6 25. Bxe6 fxe6 26. Nd6 Rab8 27. Nc4 Rf7
28. Red1 Rh7 29. Rd7 Rh5 30. Nxe5 Kxe5 31. Rg7 Rbh8 32. Kf1 Rh1+ 33. Ke2 f3+
0-1

[Event "Madrid ch Final"]
[Site "Madrid ESP"]
[Date "2008.03.05"]
[Round "5.4"]
[White "Adan Bermudez, Sergio"]
[Black "Blanco Sanchez, Jose Fernando"]
[Result "0-1"]
[WhiteElo "2087"]
[BlackElo "2155"]
[PlyCount "110"]
[EventDate "2008.02.27"]
[EventType "tourn"]
[EventRounds "11"]
[EventCountry "ESP"]
[Source "lmi"]
[SourceDate "2008.02.27"]

1. c4 d6 2. g3 e5 3. Bg2 g6 4. Nc3 Bg7 5. d3 Nc6 6. Rb1 Be6 7. Nd5 Qd7 8. Qa4
h5 9. h4 f6 10. b4 Nge7 11. e3 Nxd5 12. cxd5 Ne7 13. Qa5 Bf7 14. Bh3 f5 15. e4
c6 16. dxc6 Nxc6 17. Qa4 Nd4 18. Qxd7+ Kxd7 19. Be3 Nc2+ 20. Ke2 Nxe3 21. fxe3
Bxa2 22. Ra1 Be6 23. Nf3 Rhc8 24. Rhc1 Rxc1 25. Rxc1 Bh6 26. Nd2 Rc8 27. Rf1
Rf8 28. exf5 Bxf5 29. Bxf5+ gxf5 30. b5 f4 31. gxf4 exf4 32. Ne4 fxe3 33. Rxf8
Bxf8 34. Nf6+ Ke6 35. Nxh5 Bh6 36. Ng3 a5 37. bxa6 bxa6 38. d4 a5 39. Kd3 Bf4
40. Ne2 Kf5 41. h5 Bh6 42. Nc3 Kg4 43. Ne4 Kf3 44. Nc3 d5 45. Ne2 a4 46. Nc1 a3
47. Kc3 e2 48. Nd3 Ke3 49. Ne1 Kf2 50. Nd3+ Kf1 51. Kb3 e1=Q 52. Nxe1 Kxe1 53.
Kxa3 Kd2 54. Kb4 Kd3 55. Kc5 Ke4 0-1

[Event "Madrid ch Final"]
[Site "Madrid ESP"]
[Date "2008.03.05"]
[Round "5.5"]
[White "Lopez Andujar Ocana, Antonio"]
[Black "Sanchez Garcia, Aurelio"]
[Result "0-1"]
[WhiteElo "2158"]
[BlackElo "2117"]
[PlyCount "68"]
[EventDate "2008.02.27"]
[EventType "tourn"]
[EventRounds "11"]
[EventCountry "ESP"]
[Source "lmi"]
[SourceDate "2008.02.27"]

1. d4 Nf6 2. c4 e6 3. Nc3 c5 4. d5 exd5 5. cxd5 d6 6. e4 g6 7. Nf3 a6 8. a4 Bg4
9. Bd3 Bg7 10. O-O O-O 11. h3 Bxf3 12. Qxf3 Nbd7 13. Bg5 Ne5 14. Qe2 Nxd3 15.
Qxd3 Qc7 16. Rfe1 Nd7 17. Qg3 Rfe8 18. Qh4 Rab8 19. Ra2 Ne5 20. Bf6 Bxf6 21.
Qxf6 Qe7 22. Qxe7 Rxe7 23. Rd1 g5 24. b3 h5 25. Kf1 Kg7 26. Ke2 b5 27. axb5
axb5 28. Ra6 b4 29. Nb1 c4 30. Rxd6 c3 31. Rc1 Ra7 32. Ke3 Ra1 33. Kd4 f6 34.
Re6 Rc8 0-1

[Event "Madrid ch Final"]
[Site "Madrid ESP"]
[Date "2008.03.05"]
[Round "5.6"]
[White "Vukotic Jovsic, Dragan"]
[Black "Vazquez Igarza, Renier"]
[Result "0-1"]
[WhiteElo "2053"]
[BlackElo "2530"]
[PlyCount "86"]
[EventDate "2008.02.27"]
[EventType "tourn"]
[EventRounds "11"]
[EventCountry "ESP"]
[Source "lmi"]
[SourceDate "2008.02.27"]

1. d4 Nf6 2. Bf4 c5 3. e3 d5 4. c3 Nc6 5. Nd2 Bf5 6. Ngf3 e6 7. Qb3 Qc8 8. Bb5
Be7 9. Ne5 Nd7 10. Ndf3 f6 11. Nxd7 Qxd7 12. O-O a6 13. Bxc6 Qxc6 14. c4 dxc4
15. Qxc4 b5 16. Qc3 Be4 17. dxc5 e5 18. Nxe5 fxe5 19. Qxe5 Kf7 20. f3 Bg6 21.
Rac1 Rhd8 22. Bg5 Bxg5 23. Qxg5 Qf6 24. Qxf6+ gxf6 25. Rfd1 Ke7 26. b4 Bf7 27.
a3 Bb3 28. Rd4 Rxd4 29. exd4 Rd8 30. Re1+ Kf7 31. Re4 f5 32. Rh4 Kg6 33. g4 f4
34. g5 Rxd4 35. Rh6+ Kxg5 36. Rxh7 Rd2 37. h4+ Kg6 38. Ra7 Bd1 39. Rxa6+ Kf5
40. Rb6 Bxf3 41. Rxb5 Kg4 42. Rb8 Kg3 43. Rg8+ Bg4 0-1

[Event "Madrid ch Final"]
[Site "Madrid ESP"]
[Date "2008.03.06"]
[Round "6.1"]
[White "Gallardo Garcia, Andres"]
[Black "Vazquez Igarza, Renier"]
[Result "0-1"]
[WhiteElo "2380"]
[BlackElo "2530"]
[PlyCount "60"]
[EventDate "2008.02.27"]
[EventType "tourn"]
[EventRounds "11"]
[EventCountry "ESP"]
[Source "lmi"]
[SourceDate "2008.02.27"]

1. e4 c5 2. Nf3 e6 3. c3 Nf6 4. e5 Nd5 5. d4 cxd4 6. cxd4 d6 7. Nc3 Nxc3 8.
bxc3 Qc7 9. Bd2 Nd7 10. exd6 Bxd6 11. Bd3 b6 12. O-O Bb7 13. c4 O-O 14. h4 Bf4
15. Bc3 Rfe8 16. Re1 h6 17. Rb1 Rac8 18. Ba1 e5 19. d5 Nc5 20. Bf5 Rcd8 21. g3
e4 22. Qd4 f6 23. Bg6 Bxg3 24. Bxe8 Rxe8 25. Nd2 Be5 26. Qe3 Bf4 27. Qd4 Qf7
28. Kf1 Bc8 29. Re2 Qg6 30. f3 e3 0-1

[Event "Madrid ch Final"]
[Site "Madrid ESP"]
[Date "2008.03.06"]
[Round "6.2"]
[White "Sanchez Garcia, Aurelio"]
[Black "Vukotic Jovsic, Dragan"]
[Result "0-1"]
[WhiteElo "2117"]
[BlackElo "2053"]
[PlyCount "92"]
[EventDate "2008.02.27"]
[EventType "tourn"]
[EventRounds "11"]
[EventCountry "ESP"]
[Source "lmi"]
[SourceDate "2008.02.27"]

1. e4 c5 2. Nc3 Nc6 3. Bb5 Nd4 4. Bc4 e6 5. Nge2 a6 6. d3 b5 7. Bb3 Nxb3 8.
axb3 Bb7 9. O-O Nf6 10. Bg5 Be7 11. Ng3 O-O 12. f4 d6 13. f5 b4 14. Nce2 e5 15.
Kh1 d5 16. Ng1 Nxe4 17. Nxe4 Bxg5 18. Nxc5 Bc6 19. Qg4 a5 20. Rae1 Bf6 21. Nf3
Qd6 22. Na4 Rfe8 23. Qh5 Bxa4 24. bxa4 Qc6 25. Ng5 Bxg5 26. Qxg5 f6 27. Qd2
Qxa4 28. Ra1 Qc6 29. b3 e4 30. dxe4 dxe4 31. Rfe1 Rad8 32. Qf2 Rd5 33. Kg1 Qc5
34. g4 e3 35. Qf3 Rd2 36. Re2 Rxc2 37. Rae1 Rc3 38. g5 Rc1 39. gxf6 Rxe1+ 40.
Rxe1 gxf6 41. Re2 Kh8 42. Kg2 Qe5 43. Qh5 Rg8+ 44. Kf3 Rg5 45. Qf7 Rxf5+ 46.
Kg2 Qe4+ 0-1

[Event "Madrid ch Final"]
[Site "Madrid ESP"]
[Date "2008.03.06"]
[Round "6.3"]
[White "Blanco Sanchez, Jose Fernando"]
[Black "Lopez Andujar Ocana, Antonio"]
[Result "1/2-1/2"]
[WhiteElo "2155"]
[BlackElo "2158"]
[PlyCount "96"]
[EventDate "2008.02.27"]
[EventType "tourn"]
[EventRounds "11"]
[EventCountry "ESP"]
[Source "lmi"]
[SourceDate "2008.02.27"]

1. c4 e6 2. Nc3 Nf6 3. e4 d5 4. e5 Ne4 5. d3 Nxc3 6. bxc3 d4 7. Nf3 Nc6 8. Bb2
Bc5 9. Be2 O-O 10. O-O b6 11. cxd4 Nxd4 12. Nxd4 Bxd4 13. Bxd4 Qxd4 14. Bf3 Rb8
15. Re1 Rd8 16. Qa4 b5 17. Qa5 bxc4 18. dxc4 Rb2 19. Qxc7 Qxf2+ 20. Kh1 Rbd2
21. c5 g6 22. Rf1 Qd4 23. Bc6 Rf2 24. Rac1 Rf8 25. a4 Qxc5 26. Qd6 Rxf1+ 27.
Rxf1 Qxd6 28. exd6 Rd8 29. d7 Ba6 30. Rc1 Kf8 31. Kg1 Ke7 32. Kf2 Kd6 33. Ke3
Bc8 34. dxc8=Q Rxc8 35. Rf1 Rxc6 36. Rxf7 Rc7 37. Rf4 a5 38. h4 Rc8 39. Ke2 Rb8
40. Rf7 Rb4 41. Rxh7 Rxa4 42. g3 Ke5 43. Kf3 Ra3+ 44. Kg4 Kf6 45. Ra7 Ra4+ 46.
Kf3 Ra3+ 47. Kf4 Ra4+ 48. Kf3 Ra1 1/2-1/2

[Event "Madrid ch Final"]
[Site "Madrid ESP"]
[Date "2008.03.06"]
[Round "6.4"]
[White "Madina Yadarola, Martin"]
[Black "Adan Bermudez, Sergio"]
[Result "1/2-1/2"]
[WhiteElo "2290"]
[BlackElo "2087"]
[PlyCount "109"]
[EventDate "2008.02.27"]
[EventType "tourn"]
[EventRounds "11"]
[EventCountry "ESP"]
[Source "lmi"]
[SourceDate "2008.02.27"]

1. e4 c5 2. c3 Nf6 3. e5 Nd5 4. d4 cxd4 5. Qxd4 e6 6. Bc4 Nc6 7. Qe4 f5 8. Qe2
Nb6 9. Bb3 d6 10. Nf3 Be7 11. Bf4 dxe5 12. Nxe5 Nxe5 13. Bxe5 Bf6 14. Nd2 Bxe5
15. Qxe5 Qf6 16. Nf3 Qxe5+ 17. Nxe5 Ke7 18. O-O-O Nd7 19. Rhe1 Nxe5 20. Rxe5
Re8 21. Rc5 a6 22. a4 Rb8 23. a5 b6 24. axb6 Rxb6 25. Ba4 Rf8 26. f4 h6 27. h4
Rb7 28. Rc6 Ra7 29. Rcd6 Rc7 30. R1d4 g5 31. hxg5 hxg5 32. g3 Rh8 33. Bb3 Rh3
34. Rd8 Rxg3 35. Rh8 Kf6 36. Rdd8 Rg1+ 37. Bd1 gxf4 38. Rxc8 Rxc8 39. Rxc8 f3
40. Kd2 f2 41. Be2 f1=Q 42. Bxf1 Rxf1 43. c4 Rf2+ 44. Kc3 Re2 45. c5 Ke5 46.
Rd8 Re1 47. Kd2 Re4 48. b3 Rh4 49. c6 Rh7 50. Rd7 Rh8 51. c7 Rc8 52. Kd3 f4 53.
b4 Kf5 54. Rf7+ Kg6 55. Rd7 1/2-1/2

[Event "Madrid ch Final"]
[Site "Madrid ESP"]
[Date "2008.03.06"]
[Round "6.5"]
[White "De la Fuente Gonzalez, Francisco"]
[Black "Alvarez Abejon, Amilcar"]
[Result "1-0"]
[WhiteElo "2226"]
[BlackElo "2080"]
[PlyCount "119"]
[EventDate "2008.02.27"]
[EventType "tourn"]
[EventRounds "11"]
[EventCountry "ESP"]
[Source "lmi"]
[SourceDate "2008.02.27"]

1. c4 c5 2. Nc3 Nf6 3. Nf3 Nc6 4. g3 g6 5. Bg2 Bg7 6. O-O O-O 7. d4 cxd4 8.
Nxd4 Nxd4 9. Qxd4 d6 10. Qh4 Be6 11. Bxb7 Rb8 12. Bg2 Qa5 13. Nd5 Nxd5 14. cxd5
Bxd5 15. Bxd5 Qxd5 16. Qxe7 Bxb2 17. Bxb2 Rxb2 18. a4 Rb7 19. Qf6 Qe5 20. Qxe5
dxe5 21. Rfd1 Rc8 22. Rd5 e4 23. Rd4 Re7 24. e3 Rc2 25. Rb1 Re6 26. Rbd1 Rf6
27. R1d2 Rxd2 28. Rxd2 a6 29. g4 g5 30. Rd5 h6 31. Kg2 Re6 32. Kg3 Rf6 33. Rd4
Re6 34. h4 Kg7 35. Rd5 Kg6 36. Rf5 Rf6 37. h5+ Kg7 38. Re5 Re6 39. Rc5 Kf8 40.
f4 exf3 41. Kxf3 Ke7 42. Rd5 Rf6+ 43. Ke4 Rb6 44. a5 Rf6 45. Re5+ Kd7 46. Rf5
Re6+ 47. Kd4 Ke7 48. e4 Rd6+ 49. Kc5 Rd1 50. Re5+ Kf6 51. Rd5 Rb1 52. Rd6+ Ke5
53. Rxa6 Rc1+ 54. Kb5 f6 55. Rb6 Rb1+ 56. Kc6 Ra1 57. a6 Kxe4 58. Kb7 Kf4 59.
Rb4+ Ke5 60. a7 1-0

[Event "Madrid ch Final"]
[Site "Madrid ESP"]
[Date "2008.03.06"]
[Round "6.6"]
[White "Ballesteros Gonzalez, David"]
[Black "Candela Perez, Jose"]
[Result "0-1"]
[WhiteElo "2285"]
[BlackElo "2407"]
[PlyCount "62"]
[EventDate "2008.02.27"]
[EventType "tourn"]
[EventRounds "11"]
[EventCountry "ESP"]
[Source "lmi"]
[SourceDate "2008.02.27"]

1. d4 Nf6 2. c4 g6 3. Nc3 Bg7 4. e4 d6 5. f4 O-O 6. Nf3 c5 7. d5 e6 8. Be2 exd5
9. cxd5 Re8 10. Qc2 Na6 11. O-O Nb4 12. Qb1 Bd7 13. a3 Na6 14. Nd2 Nc7 15. a4
Nfxd5 16. exd5 Bxc3 17. bxc3 Rxe2 18. c4 b6 19. Nf3 Qf6 20. Ra2 Bf5 21. Qb3
Rxa2 22. Qxa2 Bd3 23. Re1 Qc3 24. Qf2 Qxc4 25. Qh4 Nxd5 26. Ng5 Qd4+ 27. Kh1 h5
28. Qh3 Qf2 29. Rg1 Nxf4 30. Qd7 Ne2 31. Rd1 Nxc1 0-1